Statistics for Doom 3 Weapons

Click here to take the quiz!

General Stats

  • This quiz has been taken 4 times
  • The average score is 8 of 12

Answer Stats

Answer% Correct
Pistol
100%
Rocket Launcher
100%
Shotgun
100%
Chaingun
75%
Plasma Gun
75%
Soul Cube
75%
BFG9000
50%
Fist
50%
Flashlight
50%
Grenade
50%
Machine Gun
50%
Chainsaw
25%

Score Distribution

Percentile by Number Answered

Percent of People with Each Score

Your Score History

You have not taken this quiz